Professional healthy cooking (Бичлэгийн дугаар. 144986)
| 000 -УДИРДЛАГА | |
|---|---|
| Удирдлага | 00990 a2200349 4500 |
| 003 - ХЯНАЛТЫН ТОО ТОДОРХОЙЛОГЧ | |
| Код | MN-UlNUM |
| 005 - БИЧИЛТ ХИЙСЭН ОГНОО | |
| Тухайн бичилтийг бичсэн засварласан сүүлийн огноо | 20251023151645.0 |
| 008 - ЕРӨНХИЙ МЭДЭЭЛЭЛ | |
| Ерөнхий мэдээлэл | 110605s1995 nyua 001 | eng d |
| 020 ## - ISBN | |
| ISBN | 0471538396 |
| 040 ## - БИЧЛЭГ ҮҮСГЭГЧ БАЙГУУЛЛАГА | |
| Бичлэг үүсгэгч номын сангийн код | МУИС-ийн номын сан |
| 084 ## - ББК АНГИЛАЛ | |
| ББК ангилал | 36.99 |
| Зохиогчийн гурван тэмдэгт | S 20 |
| Нэмэлт тусгалт | Гарын авлага |
| Мэдлэгийн ялгаа | 3 - Техник |
| 100 1# - ЗОХИОГЧ | |
| Зохиогчийн нэр | Kapoor, Sandra. |
| 240 10 - Шифр - Номын наалт, тайланд хэрэглэх | |
| Ангилалын дугаар /Зохиогчийн 3 тэмдэгт | 36.99 S 20 |
| 245 10 - ҮНДСЭН ГАРЧИГ | |
| Номын нэр | Professional healthy cooking |
| Оролцогчдын тухай мэдээ | Sandy Kapoor |
| 260 ## - ГАРАЛТЫН МЭДЭЭ | |
| Хэвлэгдсэн газар | New York : |
| Хэвлэлийн газар | Wiley, |
| Хэвлэгдсэн он | c1995. |
| 300 ## - МАТЕРИАЛЫН ТОДОРХОЙЛОЛТ | |
| хуудасны тоо | xvii, 341 p. : |
| Бусад тоон мэдээлэл | ill. ; |
| Хэмжээ | 26 cm. |
| 500 ## - Тайлбар | |
| Дансны дугаар | БС 5552 |
| 546 ## - ХЭЛНИЙ ТУХАЙ МЭДЭЭ | |
| Хэл | Англи хэл дээр, |
| 653 ## - Түлхүүр үг | |
| Түлхүүр үг | quantity cooking |
| 653 ## - Түлхүүр үг | |
| Түлхүүр үг | low-fat diet |
| 653 ## - Түлхүүр үг | |
| Түлхүүр үг | salt-free diet |
| 653 ## - Түлхүүр үг | |
| Түлхүүр үг | sugar-free diet |
| 740 ## - НОМЫН ГАРЧИГ | |
| Гарчиг | Cut the Fat-Keep the flavor |
| 740 ## - НОМЫН ГАРЧИГ | |
| Гарчиг | The truth about complex carbohydrates |
| 740 ## - НОМЫН ГАРЧИГ | |
| Гарчиг | Get the scoop on sugar |
| 740 ## - НОМЫН ГАРЧИГ | |
| Гарчиг | Say Good-Bye to sodium |
| 740 ## - НОМЫН ГАРЧИГ | |
| Гарчиг | The power of protein |
| 740 ## - НОМЫН ГАРЧИГ | |
| Гарчиг | Make calories count |
| 740 ## - НОМЫН ГАРЧИГ | |
| Гарчиг | Making magic with recipe modifications |
| 942 ## - ЭЛЕМЕНТИЙН ТӨРӨЛ | |
| Зүйлийн төрөл | Ном |
